[Event "Benasque"]
[Site "?"]
[Date "1992.??.??"]
[Round "?"]
[White "Ulibin, M."]
[Black "Rodriguez, Or"]
[Result "1-0"]
[WhiteElo "2570"]
[BlackElo "2465"]
[PlyCount "107"]
[EventDate "1992.??.??"]
[Source "ChessBase"]
[SourceDate "1992.06.01"]

1. e4 e5 2. Nf3 Nc6 3. Bb5 f5 4. Nc3 Nf6 5. exf5 Bc5 6. O-O O-O 7. Nxe5 Nd4 8. Bd3 d5 9. Nf3 c6 10. h3 Nd7 11. Nxd4 Bxd4 12. Ne2 Bb6 13. c3 Ne5 14. Bc2 d4 15. cxd4 Bxd4 16. Nxd4 Qxd4 17. d3 Bxf5 18. Be3 Qh4 19. f4 Ng6 20. Qe1 Rad8 21. Qxh4 Nxh4 22. Rad1 b6 23. Bf2 Ng6 24. g4 Bc8 25. Bg3 Ne7 26. f5 Nd5 27. Bb3 g6 28. fxg6 hxg6 29. Rxf8+ Rxf8 30. Re1 Kf7 31. Rf1+ Ke8 32. Rxf8+ Kxf8 33. Kf2 Be6 34. d4 Kf7 35. a3 b5 36. Bc2 a5 37. Be5 a4 38. Be4 Bd7 39. Kf3 g5 40. Bg3 Nb6 41. Be1 Nc4 42. d5 c5 43. Bf2 Nxb2 44. Bxc5 Nc4 45. Bc2 Kf6 46. Ke4 Nd2+ 47. Ke3 Nb3 48. Bd4+ Ke7 49. Bc3 Kd6 50. Be4 Kc5 51. Bf6 Kc4 52. Bxg5 b4 53. Be7 Nc5 54. axb4 1-0

[Event "ECC"]
[Site "?"]
[Date "2002.09.22"]
[Round "1"]
[White "Tiviakov Sergei"]
[Black "Seitaj Ilir"]
[Result "1-0"]
[WhiteElo "2628"]
[BlackElo "2406"]
[PlyCount "125"]
[EventDate "2002.??.??"]
[Source "www.chesslib.no"]
[SourceDate "2004.05.04"]

1. e4 e5 2. Nf3 Nc6 3. Bb5 f5 4. Nc3 fxe4 5. Nxe4 d5 6. Nxe5 dxe4 7. Nxc6 Qg5 8. Qe2 Nf6 9. f4 Qxf4 10. Ne5+ c6 11. d4 Qh4+ 12. g3 Qh3 13. Bc4 Be6 14. Bg5 Bd6 15. O-O-O O-O 16. Qf1 Nd5 17. Qxh3 Bxh3 18. Rhe1 Rf5 19. Bf4 g5 20. Bd2 Bxe5 21. dxe5 Bg4 22. Be2 Bxe2 23. Rxe2 Rxe5 24. c4 Nb6 25. Bc3 Re6 26. b3 Rae8 27. a4 R8e7 28. Bb4 Rf7 29. Rde1 Rf3 30. Kc2 Kf7 31. Rxe4 Rxe4 32. Rxe4 Nc8 33. Rd4 Ke8 34. Rg4 Rf2+ 35. Kc1 Rf5 36. Bd2 Kf7 37. Rxg5 Rxg5 38. Bxg5 Kg6 39. Bh4 Kf5 40. Kd2 Ke4 41. Ke2 Nd6 42. Bf6 Nf5 43. g4 Ne3 44. h3 b6 45. Bh4 Nc2 46. Bf2 c5 47. Kd2 Nb4 48. g5 Kf3 49. Be1 Nc6 50. h4 Kg4 51. Bf2 Ne5 52. a5 bxa5 53. Kc3 a6 54. Bxc5 Kxh4 55. Be3 Kg4 56. Kd4 Nc6+ 57. Ke4 Kh5 58. c5 Kg6 59. Kd5 Ne7+ 60. Ke6 Nc6 61. Kd6 Na7 62. c6 Nb5+ 63. Kd7 1-0

[Event "Redbus KO"]
[Site "Southend"]
[Date "1999.04.05"]
[Round "4.1"]
[White "Plaskett, Jim"]
[Black "Lalic, Bogdan"]
[Result "1/2-1/2"]
[WhiteElo "2483"]
[BlackElo "2549"]
[PlyCount "119"]
[EventDate "1999.04.??"]
[Source "ChessBase"]
[SourceDate "1999.08.01"]

1. e4 e5 2. Nf3 Nc6 3. Bb5 f5 4. Nc3 fxe4 5. Nxe4 d5 6. Nxe5 dxe4 7. Nxc6 Qg5 8. Qe2 Nf6 9. f4 Qxf4 10. d4 Qh4+ 11. g3 Qh3 12. Ne5+ c6 13. Bc4 Be6 14. Bg5 Bd6 15. O-O-O O-O 16. Ng4 Bxc4 17. Nxf6+ Rxf6 18. Qxc4+ Qe6 19. d5 cxd5 20. Qxd5 Qxd5 21. Rxd5 Re6 22. Rhd1 Bf8 23. Be3 a6 24. c3 b5 25. Kd2 Rc8 26. a3 Be7 27. Ke2 h6 28. Rd7 h5 29. R1d5 g6 30. Bf4 Rcc6 31. Rb7 Kf8 32. Be5 Ke8 33. Bd4 Bd6 34. Ke3 Kd8 35. Rf7 Ke8 36. Rh7 Kd8 37. h3 Kc8 38. g4 hxg4 39. hxg4 Bc7 40. g5 Rcd6 41. Re5 Bd8 42. Rh6 Kd7 43. Rh7+ Kc8 44. Rc5+ Rc6 45. Rd5 Rcd6 46. Rc5+ Rc6 47. Rxc6+ Rxc6 48. Kxe4 Bxg5 49. Kd5 Rc7 50. Rh8+ Kb7 51. Rg8 Rd7+ 52. Ke6 Rh7 53. b3 Bc1 54. a4 bxa4 55. bxa4 g5 56. Rg6 Bf4 57. Kd5 Rd7+ 58. Ke4 Rd6 59. Rg7+ Kc8 60. Rg8+ 1/2-1/2

[Event "It (Open) Sevilla ESP"]
[Site "?"]
[Date "2006.01.27"]
[Round "8"]
[White "Korneev Oleg"]
[Black "Mellado Trivino Juan"]
[Result "1-0"]
[WhiteElo "2649"]
[BlackElo "2382"]
[PlyCount "71"]
[EventDate "2006.??.??"]
[Source "www.chesslib.no"]
[SourceDate "2004.05.04"]

1. e4 e5 2. Nf3 Nc6 3. Bb5 f5 4. Nc3 Nd4 5. exf5 c6 6. Be2 Nf6 7. d3 d6 8. Nxd4 exd4 9. Bh5+ Kd7 10. Ne4 Qa5+ 11. c3 Qxf5 12. Nxf6+ Qxf6 13. cxd4 Kc7 14. d5 Qe5+ 15. Be3 Qxd5 16. O-O Be7 17. Bf3 Qf5 18. b4 Be6 19. Re1 Bf6 20. Rc1 Bxa2 21. Qa4 Bd5 22. Qa5+ Kd7 23. b5 c5 24. Be4 Qh5 25. b6 axb6 26. Qxb6 Rac8 27. h3 Bc6 28. Bf4 Bd8 29. Qb3 Rf8 30. Bxc6+ Rxc6 31. Qxb7+ Rc7 32. Qb5+ Rc6 33. Ra1 Rxf4 34. Ra6 Qd5 35. Qb7+ Bc7 36. Ra8 1-0

[Event "Deutschland"]
[Site "?"]
[Date "2004.11.14"]
[Round "2.3"]
[White "Goloshchapov Alexander"]
[Black "Breder Dennis"]
[Result "0-1"]
[WhiteElo "2577"]
[BlackElo "2454"]
[PlyCount "124"]
[EventDate "2004.??.??"]
[Source "www.chesslib.no"]
[SourceDate "2004.05.04"]

1. e4 e5 2. Nf3 Nc6 3. Bb5 f5 4. Nc3 fxe4 5. Nxe4 d5 6. Nxe5 dxe4 7. Nxc6 Qg5 8. Qe2 Nf6 9. f4 Qxf4 10. Ne5+ c6 11. d4 Qh4+ 12. g3 Qh3 13. Bc4 Be6 14. Qf1 Nd5 15. Qxh3 Bxh3 16. Bf1 Bxf1 17. Rxf1 Bd6 18. Nc4 Bc7 19. Ke2 O-O-O 20. Bg5 Rd7 21. Rf5 b5 22. Nd2 g6 23. Rff1 e3 24. Nb3 h6 25. Bf6 Re8 26. Rf3 Rf7 27. Raf1 Bd6 28. Nc1 g5 29. h3 Bxg3 30. Bxg5 Rxf3 31. Rxf3 hxg5 32. Rxg3 Nf4+ 33. Ke1 Rh8 34. Rxe3 Ng2+ 35. Kf2 Nxe3 36. Kxe3 Rxh3+ 37. Ke4 Rh2 38. Kd3 g4 39. Ne2 g3 40. Ke3 g2 41. Ng1 Rh4 42. Nf3 Kd7 43. Kf2 Rf4 44. Kxg2 Kd6 45. Kf2 Kd5 46. Ke3 Re4+ 47. Kd3 Rf4 48. Ke3 Rf8 49. c3 Rh8 50. Nd2 Rh3+ 51. Ke2 b4 52. cxb4 Kxd4 53. Nf3+ Kc4 54. a3 Kb3 55. Nd4+ Kxb2 56. a4 Rh7 57. Kd3 Ka3 58. Nxc6 Kxa4 59. Kc4 a6 60. Nb8 Rc7+ 61. Kd5 Kb5 62. Kd6 Rb7 0-1

[Event "It (Open) Utrecht NED"]
[Site "?"]
[Date "2005.06.12"]
[Round "5"]
[White "Nijboer Friso"]
[Black "Inkiov Ventzislav"]
[Result "1/2-1/2"]
[WhiteElo "2553"]
[BlackElo "2474"]
[PlyCount "47"]
[EventDate "2005.??.??"]
[Source "www.chesslib.no"]
[SourceDate "2004.05.04"]

1. e4 e5 2. Nf3 Nc6 3. Bb5 f5 4. Nc3 fxe4 5. Nxe4 d5 6. Nxe5 dxe4 7. Nxc6 Qg5 8. Qe2 Nf6 9. Ne5+ c6 10. f4 Qxf4 11. d4 Qh4+ 12. g3 Qh3 13. Bc4 Be6 14. Bg5 O-O-O 15. O-O-O Bd6 16. Qf1 Rhf8 17. Qxh3 Bxh3 18. Nf7 Rd7 19. Nxd6+ Rxd6 20. Bf4 Rd7 21. Rhe1 b5 22. Bb3 Bg4 23. Rd2 Nd5 24. Bxd5 1/2-1/2

[Event "Palma de Mallorca (GMA)"]
[Site "?"]
[Date "1989.??.??"]
[Round "?"]
[White "Popovic, P."]
[Black "Inkiov, V."]
[Result "1-0"]
[WhiteElo "2550"]
[BlackElo "2475"]
[PlyCount "109"]
[EventDate "1989.??.??"]
[Source "ChessBase"]
[SourceDate "1989.07.01"]

1. e4 e5 2. Nf3 Nc6 3. Bb5 f5 4. Nc3 fxe4 5. Nxe4 d5 6. Nxe5 dxe4 7. Nxc6 Qg5 8. Qe2 Nf6 9. f4 Qxf4 10. Ne5+ c6 11. d4 Qh4+ 12. g3 Qh3 13. Bc4 Be6 14. Bf4 O-O-O 15. O-O-O Bd6 16. Kb1 Rhe8 17. Rhf1 Bxe5 18. Bxe6+ Qxe6 19. dxe5 Rxd1+ 20. Rxd1 Ng4 21. Re1 h5 22. h3 Nh6 23. Qxh5 Nf7 24. h4 g5 25. hxg5 Qf5 26. Qe2 Nxg5 27. Qe3 Ne6 28. Qxe4 Qg4 29. Qe2 Qf5 30. Bc1 Rg8 31. Rf1 Qh3 32. Bf4 Rf8 33. Rd1 Qf5 34. Bc1 Rg8 35. Qe3 Rg4 36. Qxa7 Rxg3 37. Qa8+ Kc7 38. Qa5+ Kc8 39. Qa8+ Kc7 40. Qa5+ Kc8 41. Bd2 Nc7 42. Bb4 Rg2 43. Rc1 Re2 44. Bd6 Na6 45. Qb6 Qe4 46. Qb3 b5 47. a3 Kb7 48. Ka2 Kb6 49. c4 Re3 50. Qc2 b4 51. axb4 c5 52. Bxc5+ Nxc5 53. bxc5+ Kxc5 54. Qxe4 Rxe4 55. Ka3 1-0

[Event "St Petersburg"]
[Site "St Petersburg"]
[Date "1992.??.??"]
[Round "?"]
[White "Kochyev, Alexander"]
[Black "Kuzmin, Gennadi P"]
[Result "1/2-1/2"]
[WhiteElo "2495"]
[BlackElo "2530"]
[PlyCount "25"]
[EventDate "1992.06.??"]
[Source "ChessBase"]

1. e4 e5 2. Nf3 Nc6 3. Bb5 f5 4. Nc3 fxe4 5. Nxe4 Nf6 6. d3 d5 7. Ng3 Bd6 8. O-O O-O 9. c3 Ne7 10. Ba4 c6 11. c4 h6 12. cxd5 cxd5 13. Bb3 1/2-1/2

[Event "Corr"]
[Site "?"]
[Date "2002.07.01"]
[Round "?"]
[White "Fuzishawa Richard Mitsuo (BRA"]
[Black "Beaumont David (ARG)"]
[Result "1/2-1/2"]
[WhiteElo "2489"]
[BlackElo "2535"]
[PlyCount "80"]
[EventDate "2002.??.??"]
[Source "www.chesslib.no"]
[SourceDate "2004.05.04"]

1. e4 e5 2. Nf3 Nc6 3. Bb5 f5 4. Nc3 fxe4 5. Nxe4 d5 6. Nxe5 dxe4 7. Nxc6 Qg5 8. Qe2 Nf6 9. f4 Qxf4 10. Ne5+ c6 11. d4 Qh4+ 12. g3 Qh3 13. Bc4 Be6 14. Bg5 O-O-O 15. O-O-O Bd6 16. Qf1 Rhe8 17. Qxh3 Bxh3 18. Nf7 Rd7 19. Nxd6+ Rxd6 20. Bf4 Rd7 21. Rhe1 Bg4 22. Be2 h5 23. c4 a6 24. Rd2 Bxe2 25. Rexe2 b5 26. b3 Kb7 27. Be5 Kb6 28. Re3 Ka5 29. a3 bxc4 30. bxc4 Ka4 31. Kc2 a5 32. Kc1 Rb7 33. Rde2 Rb3 34. Kc2 Rxe3 35. Rxe3 Re7 36. Re2 Ng4 37. Bf4 Re8 38. h3 Nf6 39. Re3 Re6 40. Kd2 Re7 1/2-1/2

[Event "Jugoslavija 82/300"]
[Site "?"]
[Date "2001.??.??"]
[Round "?"]
[White "Hracek, Z."]
[Black "Matulovic, M."]
[Result "1/2-1/2"]
[WhiteElo "2603"]
[BlackElo "2420"]
[PlyCount "28"]
[EventDate "2001.??.??"]
[Source "Chess Informant"]
[SourceDate "2001.06.01"]

1. e4 e5 2. Nf3 Nc6 3. Bb5 f5 4. Nc3 Nf6 5. exf5 Nd4 6. Ba4 Bc5 7. O-O O-O 8. Nxe5 d5 9. Ne2 Qd6 10. c3 Qxe5 11. cxd4 Bxd4 12. Nxd4 Qxd4 13. Bc2 Ng4 14. Qf3 Nh6 1/2-1/2

[Event "Moskva (open)"]
[Site "?"]
[Date "1992.??.??"]
[Round "?"]
[White "Geller, E."]
[Black "Tseitlin, Mi"]
[Result "1/2-1/2"]
[WhiteElo "2525"]
[BlackElo "2495"]
[PlyCount "36"]
[EventDate "1992.??.??"]
[Source "ChessBase"]
[SourceDate "1993.06.01"]

1. e4 e5 2. Nf3 Nc6 3. Bb5 f5 4. Nc3 fxe4 5. Nxe4 d5 6. Ng3 Bg4 7. O-O Qf6 8. Bxc6+ bxc6 9. d3 Ne7 10. Re1 O-O-O 11. Bg5 Bxf3 12. Bxf6 Bxd1 13. Bxe7 Bxe7 14. Raxd1 Bd6 15. Nf5 Rd7 16. d4 e4 17. Nxd6+ cxd6 18. Re3 Rf8 1/2-1/2

[Event "GER-ch"]
[Site "Binz"]
[Date "1995.??.??"]
[Round "9"]
[White "Luther, Thomas"]
[Black "Rabiega, Robert"]
[Result "1/2-1/2"]
[WhiteElo "2550"]
[BlackElo "2470"]
[PlyCount "42"]
[EventDate "1995.11.??"]
[Source "ChessBase"]

1. e4 e5 2. Nf3 Nc6 3. Bb5 f5 4. Nc3 fxe4 5. Nxe4 d5 6. Nxe5 dxe4 7. Nxc6 Qg5 8. Qe2 Nf6 9. f4 Qxf4 10. Ne5+ c6 11. d4 Qh4+ 12. g3 Qh3 13. Bc4 Be6 14. Bf4 Bd6 15. O-O-O O-O-O 16. Qf1 Rhe8 17. Qxh3 Bxh3 18. Rhe1 Bf5 19. Rf1 Bh3 20. Rfe1 Bf5 21. Rf1 Bh3 1/2-1/2

[Event "Cannes op"]
[Site "Cannes"]
[Date "1996.??.??"]
[Round "3"]
[White "Dorfman, Josif D"]
[Black "Khachian, Melikset"]
[Result "1/2-1/2"]
[WhiteElo "2580"]
[BlackElo "2440"]
[PlyCount "75"]
[EventDate "1996.02.??"]
[Source "ChessBase"]

1. e4 e5 2. Nf3 Nc6 3. Bb5 f5 4. Nc3 fxe4 5. Nxe4 Nf6 6. Nxf6+ Qxf6 7. Qe2 Be7 8. Bxc6 dxc6 9. Nxe5 Bf5 10. d3 O-O 11. O-O Bd6 12. f4 Rae8 13. d4 Bxe5 14. dxe5 Qg6 15. Rf2 h5 16. Be3 h4 17. Re1 b6 18. b4 Rd8 19. c3 Rd5 20. Bd4 c5 21. bxc5 bxc5 22. Be3 h3 23. c4 Bd3 24. Qf3 Rxe5 25. Qxh3 Re6 26. Rf3 Qe8 27. Qh4 Be4 28. Rg3 Bf5 29. Kf2 Qa4 30. Qh5 Qxc4 31. Qe2 Bd3 32. Qd2 Qe4 33. Qc3 Rf7 34. Bd2 Rxf4+ 35. Bxf4 Qxf4+ 36. Rf3 Qh4+ 37. Rg3 Qf4+ 38. Rf3 1/2-1/2

[Event "Santa Clara"]
[Site "Santa Clara"]
[Date "1991.??.??"]
[Round "11"]
[White "Arencibia, Walter"]
[Black "Antunes, Antonio"]
[Result "1-0"]
[WhiteElo "2560"]
[BlackElo "2460"]
[PlyCount "117"]
[EventDate "1991.02.??"]
[Source "ChessBase"]

1. e4 e5 2. Nf3 Nc6 3. Bb5 f5 4. Nc3 fxe4 5. Nxe4 Nf6 6. Qe2 d5 7. Nxf6+ gxf6 8. d4 Bg7 9. c4 a6 10. Ba4 dxc4 11. Qxc4 Bd7 12. dxe5 Qe7 13. O-O fxe5 14. Bg5 Qb4 15. Qxb4 Nxb4 16. Bxd7+ Kxd7 17. Rad1+ Kc6 18. a3 Nd5 19. Rd2 Kd6 20. Re1 c6 21. Bh4 Rae8 22. Bg3 Re7 23. Rde2 Rhe8 24. Re4 Bf6 25. Nd2 b5 26. Rg4 Kc7 27. Ne4 Bh8 28. Rh4 Nf6 29. f3 a5 30. Bf2 Rd8 31. Be3 Nxe4 32. fxe4 Rf7 33. Rf1 Rdd7 34. Rh6 a4 35. h4 Rxf1+ 36. Kxf1 Rf7+ 37. Ke2 Bf6 38. g4 Be7 39. Rh5 Kd6 40. Bd2 Ke6 41. Bc3 Bd6 42. Rh6+ Kd7 43. Bb4 c5 44. Bd2 b4 45. Kd3 bxa3 46. bxa3 Kc6 47. Kc4 Rf2 48. Bg5 Rf7 49. Be3 Rf1 50. Rxh7 Rf3 51. Bg5 Rxa3 52. Ra7 Ra1 53. Bd2 Rg1 54. Ra6+ Kd7 55. Kd5 Bc7 56. Rxa4 Rxg4 57. Ra7 Kc8 58. Bg5 Rg1 59. Kc6 1-0

[Event "San Bernardino Open"]
[Site "San Bernardino"]
[Date "1989.??.??"]
[Round "4"]
[White "Hodgson, Julian M"]
[Black "Klinger, Josef"]
[Result "1-0"]
[WhiteElo "2545"]
[BlackElo "2475"]
[PlyCount "81"]
[EventDate "1989.09.??"]
[Source "www.chesslib.no"]
[SourceDate "2004.05.04"]

1. e4 e5 2. Nf3 Nc6 3. Bb5 f5 4. Nc3 fxe4 5. Nxe4 d5 6. Nxe5 dxe4 7. Nxc6 Qg5 8. Qe2 Nf6 9. f4 Qxf4 10. Ne5+ c6 11. d4 Qh4+ 12. g3 Qh3 13. Bc4 Be6 14. Bf4 O-O-O 15. O-O-O Bd6 16. Kb1 Rhe8 17. Bxe6+ Qxe6 18. h3 h6 19. g4 c5 20. c3 cxd4 21. cxd4 Kb8 22. Bh2 Rc8 23. Rc1 Ka8 24. Qe3 Bc7 25. Rc4 Bb8 26. Rcc1 a6 27. Rhd1 Ba7 28. Rxc8+ Rxc8 29. Bg1 Qd5 30. h4 Qxe5 31. dxe5 Bxe3 32. exf6 Bxg1 33. Rxg1 gxf6 34. Re1 Re8 35. Kc2 Rb8 36. Kd2 h5 37. gxh5 f5 38. Rf1 Rf8 39. h6 f4 40. h7 f3 41. Rg1 1-0

[Event "IV Campionato UE"]
[Site "Liverpool ING"]
[Date "2008.09.09"]
[Round "1"]
[White "Adams, Mi"]
[Black "Kennaugh, C."]
[Result "1-0"]
[WhiteElo "2735"]
[BlackElo "2281"]
[PlyCount "53"]
[EventDate "2008.09.09"]
[Source "www.chesslib.no"]
[SourceDate "2004.05.04"]

1. e4 e5 2. Nf3 Nc6 3. Bb5 f5 4. Nc3 Nf6 5. exf5 Bb4 6. O-O O-O 7. d4 e4 8. Ne5 Ne7 9. Bg5 Kh8 10. f3 d6 11. Ng4 c6 12. Be2 exf3 13. Bxf3 Bxc3 14. bxc3 Qa5 15. Nxf6 gxf6 16. Bf4 Nxf5 17. Qd3 Nh4 18. Bxd6 Rg8 19. Be4 Qg5 20. Rf2 Rg7 21. Raf1 Be6 22. Bf4 Qh5 23. Bg3 f5 24. Bf3 Nxf3+ 25. Rxf3 Qg6 26. Qd2 Rag8 27. Be5 1-0

[Event "Hastings Premier 76th"]
[Site "Hastings"]
[Date "2000.12.29"]
[Round "1"]
[White "Plaskett, Jim"]
[Black "Turner, Matthew"]
[Result "1/2-1/2"]
[WhiteElo "2525"]
[BlackElo "2491"]
[PlyCount "49"]
[EventDate "2000.12.29"]
[Source "ChessBase"]
[SourceDate "2001.03.20"]

1. e4 e5 2. Nf3 Nc6 3. Bb5 f5 4. Nc3 fxe4 5. Nxe4 d5 6. Nxe5 dxe4 7. Nxc6 Qg5 8. Qe2 Nf6 9. f4 Qxf4 10. d4 Qd6 11. Ne5+ c6 12. Bc4 Be6 13. Bf4 Bxc4 14. Qxc4 Qd5 15. O-O Be7 16. c3 O-O 17. Rae1 Rae8 18. Bg5 Bd8 19. Qb3 Qxb3 20. axb3 c5 21. Bxf6 Rxf6 22. Rxe4 Rxf1+ 23. Kxf1 cxd4 24. cxd4 Bb6 25. Kf2 1/2-1/2

[Event "XXIII Open"]
[Site "Cappelle la Grande FRA"]
[Date "2007.03.03"]
[Round "1"]
[White "Kryvoruchko, Y."]
[Black "Shirazi, K."]
[Result "1-0"]
[WhiteElo "2592"]
[BlackElo "2424"]
[PlyCount "121"]
[EventDate "2007.03.03"]
[Source "www.chesslib.no"]
[SourceDate "2004.05.04"]

1. e4 e5 2. Nf3 Nc6 3. Bb5 f5 4. Nc3 Bb4 5. Bxc6 bxc6 6. Nxe5 Qf6 7. d4 d6 8. Nxc6 Bxc3+ 9. bxc3 Bb7 10. Na5 Bxe4 11. O-O Ne7 12. f3 Bd5 13. c4 Bf7 14. Rb1 O-O 15. Rb7 Rfc8 16. d5 f4 17. Re1 Rab8 18. Rb3 Rb6 19. Qd2 Ra6 20. a3 h6 21. Re4 Re8 22. Bb2 Qg5 23. Qe1 Bg6 24. Re2 Kh7 25. Bc3 Nf5 26. Rxe8 Nh4 27. Qe2 Bxe8 28. Be1 Bg6 29. c5 Nxg2 30. Qxg2 Qxd5 31. c6 Rxa5 32. Bxa5 Qxa5 33. Qf2 Qd5 34. Rc3 Be8 35. Kg2 a6 36. Qe2 Bg6 37. Rc4 Qg5+ 38. Kh1 Bf5 39. Qd2 Bh3 40. Re4 d5 41. Re1 d4 42. Re4 d3 43. cxd3 Qc5 44. Re1 g5 45. Qe2 Kg6 46. Qe8+ Kf6 47. d4 Qxa3 48. Qh5 Qc3 49. Qxh6+ Kf7 50. Qh7+ Kf6 51. Qe7+ Kg6 52. Qe4+ Bf5 53. Qe8+ Kh6 54. Qe2 Qxc6 55. Qg2 Qf6 56. Re5 c5 57. Rxc5 Qxd4 58. Rc6+ Kh5 59. h3 a5 60. Kh2 Qd5 61. Qg4+ 1-0

[Event "otb"]
[Site "otb"]
[Date "2007.03.23"]
[Round "9"]
[White "Filippov Anton"]
[Black "Dzhumaev Marat"]
[Result "0-1"]
[WhiteElo "2486"]
[BlackElo "2526"]
[PlyCount "76"]
[Source "www.chesslib.no"]
[SourceDate "2004.05.04"]

1. e4 e5 2. Nf3 Nc6 3. Bb5 f5 4. Nc3 Nf6 5. d3 fxe4 6. dxe4 Bb4 7. O-O Bxc3 8. bxc3 d6 9. Qd3 Bg4 10. c4 O-O 11. c5 Bxf3 12. Bxc6 bxc6 13. Qxf3 d5 14. exd5 cxd5 15. c6 Qe8 16. Bb2 Rb8 17. Qa3 Ne4 18. Qa5 Qe6 19. Ba3 Rf7 20. Qxa7 Re8 21. Qb7 Nd2 22. Rfd1 Nc4 23. Bb4 Qf5 24. Rf1 e4 25. a4 Ne5 26. a5 Nf3+ 27. gxf3 Rf6 28. Rfe1 Qxf3 29. Ra3 Qxf2+ 30. Kh1 e3 31. Raxe3 Rxe3 32. Rg1 Qf3+ 33. Rg2 h6 34. Qc8+ Kh7 35. Qg4 Qxg4 36. Rxg4 Rxc6 37. c3 Re2 38. Rg1 Ra2 0-1

[Event "GMA Baleares Open"]
[Site "Palma de Majorca ESP"]
[Date "1989.??.??"]
[Round "3"]
[White "Velimirovic, Dragoljub"]
[Black "Klinger, Josef"]
[Result "0-1"]
[WhiteElo "2535"]
[BlackElo "2475"]
[PlyCount "90"]
[EventDate "1989.12.??"]
[Source "www.chesslib.no"]
[SourceDate "2004.05.04"]

1. e4 e5 2. Nf3 Nc6 3. Bb5 f5 4. Nc3 fxe4 5. Nxe4 d5 6. Nxe5 dxe4 7. Nxc6 Qg5 8. Qe2 Nf6 9. f4 Qxf4 10. Ne5+ c6 11. d4 Qh4+ 12. g3 Qh3 13. Bc4 Be6 14. Bg5 O-O-O 15. O-O-O Bd6 16. Nf7 Bxf7 17. Bxf7 Rhf8 18. Bb3 Rde8 19. c4 Qg4 20. Qe3 Nh5 21. Rdf1 Rxf1+ 22. Rxf1 h6 23. c5 Bxg3 24. hxg3 Qxg5 25. Qxg5 hxg5 26. Rf5 Nxg3 27. Rxg5 Ne2+ 28. Kd2 Nxd4 29. Ke3 Nxb3 30. axb3 Re7 31. b4 a6 32. Rf5 Kb8 33. Rf8+ Ka7 34. Rg8 Rd7 35. Kxe4 Rd2 36. b3 Rb2 37. Kd4 Rxb3 38. Kc4 Rg3 39. Re8 g5 40. Rg8 g4 41. Rd8 Rg1 42. Rd2 g3 43. Kb3 g2 44. Rb2 Ka8 45. Ka2 Ra1+ 0-1

[Event "Lewkowitz Memorial B"]
[Site "Lewkowitz Memorial B"]
[Date "1994.??.??"]
[Round "?"]
[White "Podkrajsek, Janez"]
[Black "Tronhjem, Thomas"]
[Result "0-1"]
[WhiteElo "2540"]
[BlackElo "2470"]
[PlyCount "98"]
[EventDate "1994.??.??"]
[Source "www.chesslib.no"]
[SourceDate "2004.05.04"]

1. e4 e5 2. Nf3 Nc6 3. Bb5 f5 4. Nc3 Nd4 5. Bc4 Nf6 6. O-O d6 7. exf5 Bxf5 8. Nxd4 exd4 9. Re1+ Be7 10. Ne2 c5 11. Nf4 d5 12. Nxd5 Nxd5 13. Qf3 Nb6 14. Qxf5 Nxc4 15. d3 Nd6 16. Qd5 Kd7 17. Bf4 Re8 18. b4 cxb4 19. Re4 Bf8 20. Rxe8 Qxe8 21. Bxd6 Bxd6 22. Qxb7+ Bc7 23. Qb5+ Kd6 24. Qxb4+ Kc6 25. Qxd4 Qe5 26. Qa4+ Kc5 27. Qc4+ Kd6 28. d4 Qe6 29. Qb4+ Kd7 30. Qb5+ Kc8 31. Qc5 Kb7 32. c4 Rc8 33. Qb4+ Ka8 34. Re1 Qf5 35. Qa4 Rd8 36. d5 Rc8 37. g3 Bb6 38. Re2 Qf3 39. Qc2 Bc5 40. Qd2 Rb8 41. Re1 Rf8 42. Re2 Rf6 43. Qe1 h5 44. Rd2 Rf8 45. Qe2 Qxe2 46. Rxe2 g5 47. h3 Kb7 48. Kg2 g4 49. hxg4 hxg4 0-1

[Event "VII Gibtelecom Masters"]
[Site "Caleta ING"]
[Date "2009.02.02"]
[Round "7"]
[White "Berg, E."]
[Black "Nezad, H."]
[Result "1/2-1/2"]
[WhiteElo "2606"]
[BlackElo "2403"]
[PlyCount "74"]
[EventDate "2009.01.27"]
[Source "www.chesslib.no"]
[SourceDate "2004.05.04"]

1. e4 e5 2. Nf3 Nc6 3. Bb5 f5 4. Nc3 fxe4 5. Nxe4 Nf6 6. Nxf6+ Qxf6 7. Qe2 Be7 8. Bxc6 bxc6 9. d4 Qg6 10. O-O d6 11. dxe5 O-O 12. exd6 Bh3 13. Ne1 Bxd6 14. Qe3 Bg4 15. Nd3 Rae8 16. Qg5 Be2 17. Qxg6 hxg6 18. g3 Bxf1 19. Kxf1 c5 20. c4 Rf3 21. Ne1 Rf5 22. Bd2 Re4 23. b3 Be5 24. Rd1 Bd4 25. Nd3 g5 26. h3 g4 27. hxg4 Rxg4 28. Bf4 c6 29. Re1 Kf7 30. Bd6 Rg6 31. Re7+ Kg8 32. Bf4 a6 33. Ke2 Kf8 34. Ra7 Re6+ 35. Kf3 Rf7 36. Rxf7+ Kxf7 37. Bc7 Rf6+ 1/2-1/2

[Event "Campionato USA"]
[Site "Stillwater USA"]
[Date "2007.05.23"]
[Round "9"]
[White "Perelshteyn, E."]
[Black "Khachiyan, M."]
[Result "1/2-1/2"]
[WhiteElo "2531"]
[BlackElo "2475"]
[PlyCount "61"]
[EventDate "2007.05.15"]
[Source "www.chesslib.no"]
[SourceDate "2004.05.04"]

1. e4 e5 2. Nf3 Nc6 3. Bb5 f5 4. Nc3 fxe4 5. Nxe4 Nf6 6. Qe2 d5 7. Nxf6+ gxf6 8. d4 Bg7 9. dxe5 O-O 10. e6 Ne5 11. Bf4 c6 12. Bd3 Nxd3+ 13. Qxd3 Bxe6 14. Nd4 Qd7 15. O-O-O Rfe8 16. Rhe1 Bf7 17. Nf5 Bg6 18. g4 Rxe1 19. Rxe1 Re8 20. Re3 Bf8 21. Qd4 Bxf5 22. gxf5 Rxe3 23. fxe3 Qxf5 24. Qxa7 Qe4 25. Qd4 f5 26. c3 c5 27. Qf6 Qh1+ 28. Kc2 Qe4+ 29. Kc1 Qh1+ 30. Kc2 Qe4+ 31. Kc1 1/2-1/2

[Event "Dr J. Bannet Memorial 8690"]
[Site "Dr J. Bannet Memorial 8690"]
[Date "1990.??.??"]
[Round "?"]
[White "Bieluczyk, Bogdan"]
[Black "Mallee, Ralph"]
[Result "1-0"]
[WhiteElo "2505"]
[BlackElo "2500"]
[PlyCount "81"]
[EventDate "1990.??.??"]
[Source "www.chesslib.no"]
[SourceDate "2004.05.04"]

1. e4 e5 2. Nf3 Nc6 3. Bb5 f5 4. Nc3 fxe4 5. Nxe4 d5 6. Nxe5 dxe4 7. Nxc6 Qd5 8. c4 Qd6 9. Nxa7+ Bd7 10. Bxd7+ Qxd7 11. Qh5+ g6 12. Qe5+ Kf7 13. Nb5 c6 14. Qd4 Qe7 15. Qxh8 Nf6 16. b3 Rd8 17. Bb2 Bg7 18. Ba3 Qd7 19. Nd6+ Ke6 20. Qxd8 Qxd8 21. Nxb7 Qb6 22. Nc5+ Kf7 23. O-O Qa5 24. Na4 Ng4 25. Rae1 Qe5 26. g3 Qf5 27. Nc5 Ne5 28. Nxe4 Nf3+ 29. Kg2 Nxe1+ 30. Rxe1 Qa5 31. Bc5 h6 32. a4 Bf8 33. Bxf8 Kxf8 34. Re3 Qe5 35. h4 Qd4 36. Kf3 Qb2 37. Ke2 Qa1 38. Nc5 Kf7 39. Re6 g5 40. hxg5 hxg5 41. Rxc6 1-0